| 000 | 00920cam a2200241 4500 | ||
|---|---|---|---|
| 001 | WS105102 | ||
| 008 | 000000n 000 0 eng u | ||
| 035 | _a(Sirsi) u105102 | ||
| 245 | _aicollector | ||
| 520 | _aSite describing itself as 'the premium online auction service for art, antiques and collectibles'. Includes auction catalogues, an alphabetical list of dealers and links to exhibitions. Also includes the Art Price Guide, a searchable list of over 1m auction record sales since 1987. | ||
| 650 | _aONLINE AUCTIONS | ||
| 650 | _aAUCTION CATALOGUES | ||
| 650 | 0 | _aART PRICE GUIDE | |
| 650 | 0 | _aAUCTION RESULTS | |
| 650 | 0 | _aPRICE GUIDE | |
| 650 | _aDEALERS | ||
| 650 | _aFINE ARTS | ||
| 650 |
_aArts and antiques _96217 |
||
| 650 | 0 | _aCOLLECTIBLES | |
| 690 |
_aAuctioneering _96218 |
||
| 856 | 4 | 0 |
_uhttps://www.icollector.com/ _zView the website free of charge at www.icollector.com/... |
| 942 | _n0 | ||
| 999 |
_c119453 _d119453 |
||